000 00797nam a2200265 i 4500
001 141815
003 ES-MaACL
005 20240506132229.0
007 t|
008 070928s1980 sp ||||1| spa d
020 _a84-264-2739-1
080 _a849.9-14"19"
080 _a849.9(Vinyoli, J. 3.02)
100 1 _aVinyoli, Joan.
_9115354
245 1 0 _aCuarenta poemas /
_cJoan Vinyoli ; selección y prólogo de José Agustín Goytisolo.
250 _a1ª ed.
260 _aBarcelona :
_bLumen,
_c1980.
300 _a110 p. ;
_c21 cm.
490 1 _aPoesía ;
_v39
500 _aTexto paralelo en catalán y castellano.
700 1 _aGoytisolo, José Agustín,
_d1928-
_959420
830 0 _aPoesía ;
_v39
_9177794
852 _aES-MaACL
_jL-11116
_bR.110863
999 _c141815
_d141815